Hooked up but not hooked in (Record no. 65097)

MARC details
000 -LEADER
fixed length control field 01200cam a2200265 4500
001 - CONTROL NUMBER
control field ABS63030
008 - FIXED-LENGTH DATA ELEMENTS--GENERAL INFORMATION
fixed length control field 000000n2000 000 0 eng u
035 ## - SYSTEM CONTROL NUMBER
System control number (Sirsi) u109001
100 ## - MAIN ENTRY--PERSONAL NAME
Personal name Smith, K.
245 ## - TITLE STATEMENT
Title Hooked up but not hooked in
260 ## - PUBLICATION, DISTRIBUTION, ETC.
Date of publication, distribution, etc. 2000
490 ## - SERIES STATEMENT
Series statement Property Week
Volume/sequential designation 65(40) 13 October 2000, 50-52(3)
520 ## - SUMMARY, ETC.
Summary, etc. Reviews the findings of a survey conducted by the Property Computer Show, for Property Week, which looked into Internet and email use in the property industry. Findings suggest that estate agents are 'slightly less backward' than lawyers when it comes to using these tools, but are failing to use them to real business advantage. Website numbers have risen dramatically over the last two years. However there is an emphasis on marketing at the expense of automating business processes. Only 7% of survey participants were using extranets. Graphs.
590 ## - LOCAL NOTE (RLIN)
Local note ABS
650 ## - SUBJECT ADDED ENTRY--TOPICAL TERM
Topical term or geographic name entry element E-MAIL
650 ## - SUBJECT ADDED ENTRY--TOPICAL TERM
Topical term or geographic name entry element WEBSITES
650 ## - SUBJECT ADDED ENTRY--TOPICAL TERM
Topical term or geographic name entry element PROPERTY INDUSTRY
650 ## - SUBJECT ADDED ENTRY--TOPICAL TERM
Topical term or geographic name entry element PROPERTY WEEK
650 ## - SUBJECT ADDED ENTRY--TOPICAL TERM
Topical term or geographic name entry element PROPERTY COMPUTER SHOW
650 ## - SUBJECT ADDED ENTRY--TOPICAL TERM
Topical term or geographic name entry element SURVEY
650 ## - SUBJECT ADDED ENTRY--TOPICAL TERM
Topical term or geographic name entry element TRANSACTIONS
690 ## - LOCAL SUBJECT ADDED ENTRY--TOPICAL TERM (OCLC, RLIN)
Topical term or geographic name as entry element INFORMATION TECHNOLOGY-INTERNET
700 ## - ADDED ENTRY--PERSONAL NAME
Personal name Lawson, D.
942 ## - ADDED ENTRY ELEMENTS (KOHA)
Suppress in OPAC 0
Holdings
Withdrawn status Lost status Source of classification or shelving scheme Damaged status Not for loan Home library Current library Shelving location Date acquired Total Checkouts Full call number Barcode Date last seen Copy number Price effective from Koha item type
    Dewey Decimal Classification     London London Journal article 27/10/2000   ABS63030 109001-1001 06/08/2019 1 06/08/2019 Journal article